Κατάλογος Βιβλιοθηκών Mediterranean College

Psychological Testing and Assessment : An Introduction to Tests and Measurement (Record no. 178)

MARC details
000 -LEADER
fixed length control field 01431cam a22002294a 4500
005 - ΗΜΕΡΟΜΗΝΙΑ ΚΑΙ ΩΡΑ ΤΕΛΕΥΤΑΙΑΣ ΕΝΗΜΕΡΩΣΗΣ
Πεδίο ελέγχου 20250605163926.0
008 - FIXED-LENGTH DATA ELEMENTS--GENERAL INFORMATION
Πεδίο ελέγχου σταθερού μήκους 250528s ||||||||||||||||||||||||d
035 ## - SYSTEM CONTROL NUMBER
System control number 14554
020 ## - ISBN
ISBN 155934427
040 ## - ΠΗΓΗ ΚΑΤΑΛΟΓΟΓΡΑΦΗΣΗΣ
Φορέας πρωτότυπης καταλογογράφησης MC Athens Campus Library
Γλώσσα καταλογογράφησης Ελληνικά, Μοντέρνα (1453-)
Modifying agency MC Athens Campus Library
Κανόνες περιγραφικής καταλογογράφησης AACR2
245 1# - ΤΙΤΛΟΣ ΚΑΙ ΔΗΛΩΣΗ ΥΠΕΥΘΥΝΟΤΗΤΑΣ
Τίτλος Psychological Testing and Assessment : An Introduction to Tests and Measurement
250 ## - EDITION STATEMENT
Edition statement 3rd
260 ## - PUBLICATION, DISTRIBUTION, ETC.
Name of publisher, distributor, etc. Mayfield Publishing Company,
Date of publication, distribution, etc. 1996
300 ## - PHYSICAL DESCRIPTION
Extent 836
520 ## - SUMMARY, ETC.
Summary, etc. Preface, An Overview, Psychological Testing and Assessment, Historical and Cultural and Legal and Ethical Considerations, The Science of Psychological Measurement, A Statistics Refresher, Norms and Correlation and Regression, Reliability, Validity, Test Development, The Assessment of Intelligence, Intelligence and Its Measurement, Tests of Intelligence, Educational Assessment, Personality Assessment, Personal Assessment: Overview and Objective Methods, Projective Methods, Other Personality and Behavioral Methods, Testing and Assessment in Action, Clinical and Counseling Assessment, Neuropsychological Assessment, The Assessment of People with Disabling Conditions, Industrial and Organizational Assessment, Consumer Assessment, Computer-Assisted Psychological Assessment, References, Name and Subject Index.
700 1# - ΠΡΟΣΘΕΤΗ ΑΝΑΓΡΑΦΗ--ΦΥΣΙΚΟ ΠΡΟΣΩΠΟ
Personal name Cohen Ronald Jay
9 (RLIN) 265
700 1# - ΠΡΟΣΘΕΤΗ ΑΝΑΓΡΑΦΗ--ΦΥΣΙΚΟ ΠΡΟΣΩΠΟ
Personal name Phillips Suzanne M
9 (RLIN) 266
700 1# - ΠΡΟΣΘΕΤΗ ΑΝΑΓΡΑΦΗ--ΦΥΣΙΚΟ ΠΡΟΣΩΠΟ
Personal name Swerdlik Mark E
9 (RLIN) 267
942 ## - ADDED ENTRY ELEMENTS (KOHA)
Koha item type Books
Holdings
Τύπος τεκμηρίου Βιβλιοθήκη Τρέχουσα τοποθεσία Barcode Αριθμός εισαγωγής Ημερομηνία απόκτησης Ταξιθετικό σύμβολο Αριθμός αντιτύπου Κατάσταση απόσυρσης Κατάσταση χαμένου Κατάσταση κατεστραμμένου Μη δανεισμός Σύνολο δανεισμών Ημερομηνία τελευταίας εμφάνισης Η τιμή ισχύει από
Books MC Athens Campus Library MC Athens Campus Library 9780000001771 202 05/06/2025 150/.28/7 COH 1           05/06/2025 05/06/2025

MC Athens Campus Library
Πατησίων 94 & Κοδριγκτώνος 13, 104 34
Πελλήνης 8 & Πατησίων 107, 112 51
Τ: +30 210 8899600

MC Thessaloniki Campus Library
Ίωνος Δραγούμη 21, 54625 | Ίωνος Δραγούμη 15, 54625
Τ: +30 2310 287779 – Τ: +30 2314 440300